00000000nam##2200000za#4500
0019.590449
003CaOODSP
00520210624200130
007cr |||||||||||
008150406|1987||||xxc|||||o    f|0| 0 eng|d
040 |aCaOODSP|beng
041 |aeng
041 |afre
043 |an-cn---
0861 |aS52-2/176-1987-PDF
1101 |aCanada. |bPublic Works and Government Services Canada. |bTranslation Bureau.
24510|aGlossary of generic terms in Canada's geographical names |h[electronic resource]
260 |aOttawa - Ontario : |bPublic Works and Government Services Canada. |cc1987.
300 |a337p.
4901 |aTerminology bulletin |vNo. 176
500 |aDigitized edition from print. [Produced by Publishing and Depository Services, 2014.] Co-published by Energy, Mines and Resources Canada. Issued by the Translation Bureau, Terminology and Linguistic Services Branch.
504 |aBibliography.
590 |a14-22-Supp|b2014-12-24
792 |tGlossaire des génériques en usage dans les noms géographiques du Canada |efre|w(CaOODSP)9.590450
830#0|aTerminology bulletin ;|vNo. 176|w(CaOODSP)9.500139
85640|ahttp://publications.gc.ca|qPDF|s15,704 KB|uhttps://publications.gc.ca/collections/collection_2014/tpsgc-pwgsc/S52-2-176-1987.pdf|yNo. 176